00528 2200193 4500001002100000005001500021035002000036008004100056245009500097100001800192250000600210260004600216300001200262084001400274082000800288650001400296990001200310990001200322INLIS00000000000046720240430112418 a0010-0424000443240430 0 ind 1 aMozaik Seni dan Budaya Indonesia : Ritus dan Siklus Kehidupan Di Indonesia /cAri Ahadrian aAhadrian, Ari a1 aYogyakarta :bPT. Citra Aji Parama,c2015 a202 hlm a700 ARI m a700 4aNon Fiksi a0728511 a0728512